LDR 01229naa#a2200193#i#450# 001 RU\\bibl\20267 005 20260701191117.3 100 ## _a20260630b2026####ek#y0rusy0150####ca 102 ## _aRU 200 1# _aСРАВНЕНИЕ РЕЛЯЦИОННЫХ И ГРАФОВЫХ БАЗ ДАННЫХ ДЛЯ МОДЕЛИРОВАНИЯ СЛОЖНЫХ ВЗАИМОСВЯЗЕЙ В СОЦИАЛЬНЫХ СЕТЯХ _eСтатья/тезисы конференции 210 1# _aВоронеж _cВоронежский государственный лесотехнический университет имени Г.Ф. Морозова _d2026 215 ## _a3 с. 608 ## _aСтатья/тезисы конференции _2local 675 ## _a(Вычислительная техника. Машины и устройства для обработки данных. Автоматическая обработка данных. Электронные вычислительные машины (ЭВМ). Калькуляторы) Исключено E&C 18 [1996]. 681.3 _z 700 #1 _aРудова _gА. В. 700 #1 _aКоньякова _gА. С. 700 #1 _aКоломойцева _gЗ. В 700 #1 _aХодырева _gВ. С. 856 4# _abibl.vgltu.ru _u